00501nam a2200097Ia 45000010005000000080041000050820036000461000046000822450252001282600023003803708241024s9999 xx 000 0 und d aRD/379.7293/R426g/2000-2004/v.3 aSecretaría de Estado de Educación-OCI 0aGestión educativa 2000-2004: Rendición de cuentas Vol.3 Oficina de Cooperación internacional. - Subsecretaría de Apoyo Administrativa. -Dirección General de Recursos Humanos .- Subsecretaría de Tecnología y Sistemas de Información. bEd. Corripioc2004